000 00389cam a22001457a 4500
008 180718b2004 xxu||||| |||| 00| 0 eng d
020 _a81 7033 878 6
082 _aXA04x54 Sm39
100 _aSmets, Peer
245 _aHousing finance and the urban poor
_cby Peer Smets
260 _aJaipur
_bRawat
_c2004
300 _a263p.
650 _aUrban poor - India
650 _aHousing - Finance
999 _c403053
_d403053